|
|
|
|
| LEADER |
00000 a2200000 4500 |
| 001 |
RU/ROS-EDU.RU/142746 |
| 856 |
4 |
|
|u https://www.ros-edu.ru/book?id=142746
|z Перейти к просмотру издания
|
| 010 |
|
|
|a 978-5-4497-3602-4
|
| 100 |
|
|
|a 20240101d2024 |||y0rusy0250
|
| 105 |
|
|
|a y z 000zy
|
| 101 |
0 |
|
|a rus
|
| 102 |
|
|
|a RU
|
| 200 |
1 |
|
|a Русский язык как иностранный: практические задания (базовый уровень)
|b Электронный ресурс
|e Практикум
|f Н. Н. Алешичева
|
| 700 |
|
1 |
|b Н. Н.
|a Алешичева
|4 070
|
| 330 |
|
|
|a Практикум содержит практические задания по русскому языку как иностранному для закрепления грамматических навыков владения русским языком на базовом уровне. Подготовлен в соответствии с Федеральным государственным образовательным стандартом высшего образования. Адресован учащимся подготовительного факультета для иностранных граждан, изучающим русский язык общего владения (все уровни и направленности подготовки). Может быть использован как для аудиторной, так и для самостоятельной работы обучающихся.
|
| 210 |
|
|
|a Москва
|c Ай Пи Ар Медиа
|d 2024
|
| 610 |
1 |
|
|a РКИ
|
| 610 |
1 |
|
|a русский как иностранный
|
| 610 |
1 |
|
|a местоимение
|
| 610 |
1 |
|
|a падеж
|
| 610 |
1 |
|
|a существительное
|
| 610 |
1 |
|
|a прилагательное
|
| 610 |
1 |
|
|a глагол
|
| 610 |
1 |
|
|a речевой навык
|
| 610 |
1 |
|
|a базовый уровень
|
| 610 |
1 |
|
|a практическое задание
|
| 675 |
|
|
|a 811.161
|
| 686 |
|
|
|a 81.411
|2 rubbk
|
| 300 |
|
|
|a Книга находится в премиум-версии платформы «Русский как иностранный».
|
| 215 |
|
|
|a 123 с.
|